Nouméa - Choix multiples - Statistiques

Statistiques générales
  • Ce quiz a été pris 54 fois
  • Le résultat moyen est 6 sur 10
Statistiques - réponses
Question Réponse % Correct
Quel événement d'importance se déroula à Nouméa de mai à décembre 2024 ? Émeutes
94%
De quelle langue provient le nom "Nouméa" ? Langue kanak
84%
De quel métal Nouméa a été l'un des principaux ports d'exportation à l'échelle mondiale ? Nickel
84%
Quel bâtiment de Nouméa a été le plus célèbre à travers l'Histoire parmi ces propositions ? Bagne
80%
Quelle figure du féminisme a résidé au sein de la réponse précédente ? Louise Michel
60%
Laquelle de ces personnalités sportives est nouméenne et y a passé ses 17 premières années ? Maxime Grousset
58%
Laquelle de ces photos a été prise à Nouméa ?
56%
Comment se nommait Nouméa avant 1866 ? Port-de-France
52%
Comment se nomme le principal port de plaisance de Nouméa, donnant son nom au quartier où se trouve le siège du gouvernement de la Nouvelle-Calédonie ? Port Moselle
38%
Quel chanteur, dont la mère est nouméenne, a passé son enfance dans la ville ? Nino Ferrer
32%
Aucun quiz correspondant
Distribution des résultats
% des personnes avec chaque résultat
Percentile par nombre de réponses
Votre historique - résultats
Vous n’avez pas pris ce quiz